Land of The Lost (1974) TV Character Slideshow Quiz Stats

 Plays Quiz not verified by Sporcle

Score 0/21 Timer 05:00
0 Plays Today
% Correct
Park Ranger Rick Marshall
100%
Will Marshall
94.1%
Holly Marshall
94.1%
Sleestak S'latch
88.2%
Cha-Ka
82.4%
Enik
64.7%
Uncle Jack Marshall
64.7%
Grumpy
64.7%
Dopey
64.7%
Medusa
64.7%
Sa
58.8%
% Correct
Ta
58.8%
Big Alice
58.8%
Zarn
41.2%
Ronnie
35.3%
Beauregard Jackson
35.3%
Spot
35.3%
Malak
23.5%
Jefferson Davis Collie III
23.5%
Repairman
11.8%
The Builder
11.8%

You're not logged in!

Compare scores with friends on all Sporcle quizzes.
OR
Log In

Show Comments

Extras

Created Aug 12, 2015SourceReportNominate
Tags:Childrens TV

Top Quizzes Today


Score Distribution

Your Account Isn't Verified!

In order to create a playlist on Sporcle, you need to verify the email address you used during registration. Go to your Sporcle Settings to finish the process.

Report this User

Report this user for behavior that violates our Community Guidelines.

Details: